000 00406cam a22001337a 4500
008 180718b1984 xxu||||| |||| 00| 0 eng d
082 _aC4x54 D642i
100 _aDiwan, Paras
245 _aIndian constitution: a document of people's faith and aspiration
_cby Paras Diwan
250 _a2nd ed.
260 _aAllahabad
_bAllahabad Law Agency
_c1984
300 _a524p.
650 _aConstitutional law - India
999 _c343651
_d343651